000 00799cam a22002531 4500
001 30354
003 BD-RjUL
005 20211209051542.0
008 140409r19681960xx 001 0 eng
035 _a(BD-RjUL)30439
035 _a(OCoLC)191977
040 _aDLC
_cODaWU
_dDLC
_dBD-RjUL
_beng
041 _aeng
082 _a150.72
_bBAG 1968
100 1 _aBaker, Lawrence Manning,
_d1907-
_990428
245 1 0 _aGeneral experimental psychology :
_ban introduction to principles and Techniques /
_c Lawrence Manning Baker
260 _aNew York :
_bOxford University Press,
_c1960 [reprinted 1968]
300 _a420 p. :
_bill. ;
_c24 cm.
504 _aIncludes bibliography and index.
650 0 _aPsychophysiology.
_992269
942 _2ddc
_cBK
999 _c30354
_d30354